Zdieľaná ekonomika ako prvok rozvoja šedej ekonomiky bakalárska práca

Salvato in:
Dettagli Bibliografici
Autore principale: Kollárová, Dominika
Ente Autore: Obchodná fakulta EU. Katedra služieb a cestovného ruchu - zrušené
Altri autori: Kóňa, Jakub, 1995-
Natura: Libro
Lingua:slovacco
Pubblicazione: Bratislava 2022
Tags: Aggiungi Tag
Nessun Tag, puoi essere il primo ad aggiungerne!!

MARC

LEADER 00000nbm a2200000 4500
001 0285911
005 20221205132027.6
041 0 |a slo 
044 |a SK 
245 1 0 |a Zdieľaná ekonomika ako prvok rozvoja šedej ekonomiky  |b bakalárska práca  |c Dominika Kollárová ; školiteľ: Jakub Kóňa 
264 1 |a Bratislava  |c 2022 
300 |a 73 s. 
100 1 |a Kollárová, Dominika 
700 1 |a Kóňa, Jakub, 1995- 
710 2 |a Obchodná fakulta EU. Katedra služieb a cestovného ruchu - zrušené